[Event "Carnaval"]
[Site "Quebec CAN"]
[Date "2005.02.20"]
[Round "4"]
[White "Plante, Rejean"]
[Black "Plante, Hendrick"]
[Result "1-0"]
[WhiteElo "2091"]
[BlackElo "1868"]
[PlyCount "65"]
[GameId "2160767910965672"]
[EventDate "2005.02.18"]
[EventType "swiss"]
[EventRounds "5"]
[EventCountry "CAN"]
[SourceTitle "EXT 2006"]
[Source "ChessBase"]
[SourceDate "2005.11.24"]
[SourceVersion "1"]
[SourceVersionDate "2005.11.24"]
[SourceQuality "1"]

1. c4 Nf6 2. d4 e6 3. Nf3 d5 4. g3 c6 5. Bg2 Bd6 6. Qc2 Nbd7 7. O-O O-O 8. Nbd2 Re8 9. e4 dxe4 10. Nxe4 Nxe4 11. Qxe4 e5 12. Bg5 f6 13. Bd2 exd4 14. Qxd4 Ne5 15. Bc3 Nxf3+ 16. Bxf3 Qc7 17. Bh5 Re5 18. Qh4 Bf5 19. Bxe5 Bxe5 20. c5 Be6 21. Qb4 b5 22. cxb6 axb6 23. Bf3 c5 24. Qb5 Rc8 25. Rfd1 g6 26. Bd5 Kf7 27. Qc4 Bxd5 28. Qxd5+ Ke7 29. Rab1 Bd4 30. Re1+ Kf8 31. b3 Rd8 32. Qe4 b5 33. a4 1-0

[Event "Carnaval"]
[Site "Quebec CAN"]
[Date "2005.02.20"]
[Round "4"]
[White "Rivest, Jean-Michel"]
[Black "Sarra-Bournet, Marc"]
[Result "1/2-1/2"]
[WhiteElo "1992"]
[BlackElo "1760"]
[PlyCount "126"]
[GameId "2160767910965673"]
[EventDate "2005.02.18"]
[EventType "swiss"]
[EventRounds "5"]
[EventCountry "CAN"]

1. e4 e5 2. Nf3 Nc6 3. Bb5 a6 4. Ba4 Nf6 5. O-O Be7 6. Re1 b5 7. Bb3 d6 8. c3 O-O 9. h3 Na5 10. Bc2 c5 11. d4 Qc7 12. Nbd2 Bd7 13. Nf1 cxd4 14. cxd4 Rfc8 15. Bd3 Nc6 16. a3 exd4 17. Bf4 Ne5 18. Nxd4 Nxd3 19. Qxd3 Nh5 20. Be3 Bf6 21. g4 Bxd4 22. Qxd4 Nf6 23. Bg5 Ne8 24. Rac1 Qb7 25. Ne3 Rc5 26. Nd5 f6 27. Bf4 Rxc1 28. Rxc1 Be6 29. Rc6 Kf7 30. Nb4 a5 31. Rb6 Qd7 32. Nd5 a4 33. Qd3 Ra5 34. Bd2 Ra7 35. Rxb5 Nc7 36. Nxc7 Rxc7 37. Rb4 Qc6 38. Bc3 d5 39. exd5 Bxd5 40. Qg3 Re7 41. Rf4 Qe6 42. Qd3 Be4 43. Qd4 Bc6 44. Qd3 Be4 45. Qd1 Bc6 46. Rd4 Rd7 47. Qd3 Rxd4 48. Qxd4 Qd5 49. Qxd5+ Bxd5 50. Kf1 g6 51. Ke2 Bc4+ 52. Ke3 Bf1 53. h4 Ke6 54. Kf4 Be2 55. f3 Bd1 56. Ke4 Be2 57. Bd2 Bd1 58. g5 f5+ 59. Kf4 Kd5 60. Bc3 Be2 61. Ke3 Bd1 62. f4 Bc2 63. Kd2 Bb3 1/2-1/2

[Event "Carnaval"]
[Site "Quebec CAN"]
[Date "2005.02.20"]
[Round "4"]
[White "Sauve, Richard"]
[Black "Caron, Sebastien"]
[Result "1-0"]
[WhiteElo "2047"]
[BlackElo "1824"]
[PlyCount "118"]
[GameId "2160767910965674"]
[EventDate "2005.02.18"]
[EventType "swiss"]
[EventRounds "5"]
[EventCountry "CAN"]
[SourceTitle "EXT 2006"]
[Source "ChessBase"]
[SourceDate "2005.11.24"]
[SourceVersion "1"]
[SourceVersionDate "2005.11.24"]
[SourceQuality "1"]

1. d4 Nf6 2. c4 d6 3. Nc3 g6 4. e4 Bg7 5. f3 O-O 6. Be3 e5 7. d5 Nbd7 8. Bd3 Nh5 9. Qd2 f5 10. exf5 gxf5 11. O-O-O a6 12. Nge2 Nc5 13. Bc2 b5 14. b4 Nb7 15. c5 Qe7 16. c6 Nd8 17. a3 Nf7 18. Rdg1 Nf6 19. h4 e4 20. f4 Ng4 21. Bd1 Nxe3 22. Qxe3 Qf6 23. Bc2 Nh6 24. h5 Ng4 25. Qg3 a5 26. Qh4 axb4 27. Qxf6 Bxf6 28. axb4 Nf2 29. Rh2 Nd3+ 30. Kd2 Nxb4 31. Rb1 Nxc2 32. Kxc2 Ba6 33. Rb4 Kf7 34. Rh1 Rg8 35. g3 Rgb8 36. Rhb1 Kg7 37. Rh1 Kh6 38. Rh2 Ra7 39. g4 Bxc3 40. g5+ Kg7 41. Nxc3 Rba8 42. Rh1 Bc8 43. Rhb1 Ba6 44. R1b2 Kf7 45. Ne2 Bc8 46. Nd4 Ra4 47. Nxb5 e3 48. Kd3 Rxb4 49. Rxb4 Ba6 50. Kxe3 Bxb5 51. Rxb5 Re8+ 52. Kd3 Re7 53. Rb8 Re4 54. Rc8 Re7 55. Rd8 Re4 56. Rd7+ Kg8 57. Rxc7 Rxf4 58. Rd7 Rf3+ 59. Ke2 h6 1-0

[Event "Carnaval"]
[Site "Quebec CAN"]
[Date "2005.02.20"]
[Round "4"]
[White "Valley, Michel"]
[Black "St Amand, Paul Jr"]
[Result "1/2-1/2"]
[WhiteElo "1993"]
[BlackElo "2138"]
[PlyCount "55"]
[GameId "2160767910965675"]
[EventDate "2005.02.18"]
[EventType "swiss"]
[EventRounds "5"]
[EventCountry "CAN"]
[SourceTitle "EXT 2006"]
[Source "ChessBase"]
[SourceDate "2005.11.24"]
[SourceVersion "1"]
[SourceVersionDate "2005.11.24"]
[SourceQuality "1"]

1. d4 Nf6 2. c4 e5 3. dxe5 Ng4 4. e4 Nxe5 5. Nf3 Nbc6 6. Be2 Bc5 7. O-O d6 8. Nc3 a5 9. Nxe5 Nxe5 10. Bf4 O-O 11. Qc2 Re8 12. Rad1 Bd7 13. Kh1 Nc6 14. Qd3 Nd4 15. Be3 Nxe2 16. Nxe2 Bxe3 17. Qxe3 f5 18. f3 Qe7 19. Nc3 Bc6 20. Qd4 fxe4 21. Rfe1 Qe5 22. Nxe4 Qxd4 23. Rxd4 Re5 24. Kg1 Rae8 25. Kf2 Kf7 26. Ke3 d5 27. cxd5 Bxd5 28. Kf4 1/2-1/2

[Event "Carnaval"]
[Site "Quebec CAN"]
[Date "2005.02.20"]
[Round "5"]
[White "Caire, Francois"]
[Black "Plante, Rejean"]
[Result "1/2-1/2"]
[WhiteElo "2201"]
[BlackElo "2091"]
[PlyCount "25"]
[GameId "2160767910965676"]
[EventDate "2005.02.18"]
[EventType "swiss"]
[EventRounds "5"]
[EventCountry "CAN"]
[SourceTitle "EXT 2006"]
[Source "ChessBase"]
[SourceDate "2005.11.24"]
[SourceVersion "1"]
[SourceVersionDate "2005.11.24"]
[SourceQuality "1"]

1. d4 d5 2. Nf3 Nf6 3. Bg5 c6 4. e3 Bg4 5. Bxf6 exf6 6. h3 Be6 7. c3 Bd6 8. Bd3 Nd7 9. Nbd2 f5 10. Qb3 Qb6 11. Ng5 Qxb3 12. axb3 Nf6 13. Nxe6 1/2-1/2

[Event "Carnaval"]
[Site "Quebec CAN"]
[Date "2005.02.20"]
[Round "5"]
[White "Caron, Sebastien"]
[Black "Filiatrault, Alexandre"]
[Result "0-1"]
[WhiteElo "1824"]
[BlackElo "1704"]
[PlyCount "68"]
[GameId "2160767910965677"]
[EventDate "2005.02.18"]
[EventType "swiss"]
[EventRounds "5"]
[EventCountry "CAN"]
[SourceTitle "EXT 2006"]
[Source "ChessBase"]
[SourceDate "2005.11.24"]
[SourceVersion "1"]
[SourceVersionDate "2005.11.24"]
[SourceQuality "1"]

1. e4 c5 2. Nf3 Nc6 3. d4 cxd4 4. Nxd4 e5 5. Nb5 d6 6. N1c3 a6 7. Na3 b5 8. Nd5 Nge7 9. Bg5 h6 10. Be3 Nxd5 11. Qxd5 Bb7 12. Qd2 Be7 13. Be2 O-O 14. h4 Nd4 15. Bd3 f5 16. exf5 Bxg2 17. O-O-O Bxh1 18. Rxh1 Bxh4 19. Bxh6 Nxf5 20. Bxf5 Rxf5 21. Qd5+ Kf8 22. Rxh4 gxh6 23. Rg4 Rg5 24. Qf3+ Kg7 25. Qb7+ Kh8 26. Rh4 Rg1+ 27. Kd2 Qxh4 28. Qxa8+ Rg8 29. Qf3 Qf4+ 30. Qxf4 exf4 31. c3 h5 32. Nc2 h4 33. Nd4 h3 34. Nf3 Rg2 0-1

[Event "Carnaval"]
[Site "Quebec CAN"]
[Date "2005.02.20"]
[Round "5"]
[White "Carrier, Claude"]
[Black "Bolduc, Steve"]
[Result "0-1"]
[WhiteElo "2054"]
[BlackElo "2258"]
[PlyCount "78"]
[GameId "2160767910965678"]
[EventDate "2005.02.18"]
[EventType "swiss"]
[EventRounds "5"]
[EventCountry "CAN"]
[SourceTitle "EXT 2006"]
[Source "ChessBase"]
[SourceDate "2005.11.24"]
[SourceVersion "1"]
[SourceVersionDate "2005.11.24"]
[SourceQuality "1"]

1. e4 c5 2. Nf3 Nc6 3. d4 cxd4 4. Nxd4 Nf6 5. Nc3 g6 6. Be3 Bg7 7. Bc4 O-O 8. Bb3 a5 9. f3 d5 10. exd5 Nb4 11. Nde2 a4 12. Nxa4 Nfxd5 13. Bd2 Bf5 14. a3 Nc6 15. Bg5 Qa5+ 16. Qd2 Rfd8 17. Qxa5 Nxa5 18. Bxd5 Rxd5 19. Nb6 Rdd8 20. Nxa8 Rxa8 21. c3 h6 22. Be3 Nc4 23. Bc1 Na5 24. a4 e5 25. O-O Bd3 26. Re1 Nb3 27. Ra3 Bc4 28. Be3 Bf8 29. Ra2 Nd4 30. cxd4 Bxa2 31. dxe5 Rxa4 32. Nc3 Ra6 33. Nxa2 Rxa2 34. Bd4 Ra4 35. Re4 Rxd4 36. Re2 Bc5 37. Kf1 Rd1+ 38. Re1 Rxe1+ 39. Kxe1 Bd4 0-1

[Event "Carnaval"]
[Site "Quebec CAN"]
[Date "2005.02.20"]
[Round "5"]
[White "Marquis, Paul"]
[Black "L'Heureux, Clement"]
[Result "1/2-1/2"]
[WhiteElo "1895"]
[BlackElo "1924"]
[PlyCount "85"]
[GameId "2160767910965681"]
[EventDate "2005.02.18"]
[EventType "swiss"]
[EventRounds "5"]
[EventCountry "CAN"]
[SourceTitle "EXT 2006"]
[Source "ChessBase"]
[SourceDate "2005.11.24"]
[SourceVersion "1"]
[SourceVersionDate "2005.11.24"]
[SourceQuality "1"]

1. e4 e5 2. Nf3 Nc6 3. Bb5 a6 4. Ba4 Nf6 5. O-O Be7 6. Re1 b5 7. Bb3 d6 8. c3 O-O 9. h3 Na5 10. Bc2 c5 11. d4 Qc7 12. Nbd2 Bd7 13. Nf1 Rfe8 14. d5 Nb7 15. Ng3 g6 16. Bg5 Kh8 17. Qd2 Ng8 18. Nh2 f6 19. Be3 Nd8 20. b4 c4 21. a4 Nf7 22. Ra3 Qb7 23. Rea1 Reb8 24. f3 Bd8 25. axb5 axb5 26. Ra7 Rxa7 27. Rxa7 Qc8 28. Qc1 Ra8 29. Qa3 Rxa7 30. Qxa7 Bc7 31. Ne2 Nd8 32. Bb6 Bxb6+ 33. Qxb6 Nf7 34. Qa7 Ne7 35. Ng4 Kg7 36. Ne3 Kf8 37. g4 Ng8 38. Ng3 Ke8 39. Nef1 Kd8 40. Nd2 Qc7 41. Qa6 Qc8 42. Qa5+ Qc7 43. Qa6 1/2-1/2

[Event "Carnaval"]
[Site "Quebec CAN"]
[Date "2005.02.20"]
[Round "5"]
[White "Sarra-Bournet, Marc"]
[Black "Berube, Antoine"]
[Result "0-1"]
[WhiteElo "1760"]
[BlackElo "2125"]
[PlyCount "72"]
[GameId "2160767910965682"]
[EventDate "2005.02.18"]
[EventType "swiss"]
[EventRounds "5"]
[EventCountry "CAN"]

1. e4 c5 2. Nc3 Nc6 3. f4 g6 4. Nf3 Bg7 5. Bc4 e6 6. f5 Nge7 7. d3 d5 8. Bb3 dxe4 9. Nxe4 Nxf5 10. Nxc5 Qa5+ 11. c3 Qxc5 12. d4 Qb6 13. O-O O-O 14. g4 Nd6 15. Kg2 Na5 16. Ba4 Qa6 17. Bc2 Bd7 18. Bf4 Bc6 19. Kg1 Be4 20. Bxe4 Nxe4 21. Qe1 Nf6 22. Qh4 Nc4 23. b3 Nb6 24. Be5 Nbd7 25. Ng5 h6 26. Nh3 Nxe5 27. dxe5 Qb6+ 28. Kg2 Qc6+ 29. Rf3 Nh7 30. Re1 Rad8 31. Qf2 Rd3 32. Ree3 Rxe3 33. Qxe3 Rd8 34. c4 Ng5 35. Nxg5 hxg5 36. Qxg5 Rd3 0-1

[Event "Carnaval"]
[Site "Quebec CAN"]
[Date "2005.02.20"]
[Round "5"]
[White "Servant, Michel"]
[Black "Saint Pierre, Steve"]
[Result "0-1"]
[WhiteElo "1646"]
[BlackElo "1869"]
[PlyCount "81"]
[GameId "2160767910965683"]
[EventDate "2005.02.18"]
[EventType "swiss"]
[EventRounds "5"]
[EventCountry "CAN"]
[SourceTitle "EXT 2006"]
[Source "ChessBase"]
[SourceDate "2005.11.24"]
[SourceVersion "1"]
[SourceVersionDate "2005.11.24"]
[SourceQuality "1"]

1. c4 e6 2. g3 Nf6 3. Bg2 Be7 4. Nf3 O-O 5. O-O c6 6. Nc3 d5 7. cxd5 exd5 8. d4 Bd6 9. Qc2 Qe8 10. Nh4 Nbd7 11. Nf5 Bc7 12. Re1 Nb6 13. Ne3 Be6 14. Bd2 Qd7 15. Rac1 Bd6 16. a3 Bh3 17. Bh1 Rfe8 18. Ned1 Bf5 19. e4 dxe4 20. Nxe4 Bxe4 21. Bxe4 Nxe4 22. Rxe4 Rxe4 23. Qxe4 Re8 24. Qf3 Be5 25. dxe5 Qxd2 26. Rc5 Qe1+ 27. Kg2 Nd7 28. e6 Qxe6 29. Rf5 g6 30. Ra5 a6 31. Ne3 Qe4 32. Ng4 Qxf3+ 33. Kxf3 Kg7 34. Ne3 f6 35. Kg2 Re4 36. Kf3 Rd4 37. Ke2 Kf7 38. Nc2 Re4+ 39. Kd3 f5 40. f3 Re5 41. Ra4 0-1

[Event "Charlesbourg Capablanca op"]
[Site "Charlesbourg CAN"]
[Date "2005.01.10"]
[Round "1"]
[White "Bourassa, Samuel"]
[Black "Bouchard, Real"]
[Result "1-0"]
[WhiteElo "1639"]
[BlackElo "1179"]
[PlyCount "53"]
[GameId "2160767911031683"]
[EventDate "2005.01.10"]
[EventType "swiss"]
[EventRounds "5"]
[EventCountry "CAN"]
[SourceTitle "EXT 2006"]
[Source "ChessBase"]
[SourceDate "2005.11.24"]
[SourceVersion "1"]
[SourceVersionDate "2005.11.24"]
[SourceQuality "1"]

1. e4 e5 2. Nf3 Nc6 3. Bc4 Nf6 4. d3 d6 5. Nc3 Bg4 6. h3 Bh5 7. Be3 Be7 8. g4 Bg6 9. Qd2 Qd7 10. O-O-O O-O-O 11. a3 h5 12. g5 Nh7 13. Nh4 Nf8 14. Nd5 a6 15. Rdg1 Re8 16. f4 Rd8 17. f5 Bh7 18. f6 gxf6 19. gxf6 Bxf6 20. Nxf6 Qe7 21. Nxh7 Nxh7 22. Nf5 Qf8 23. Nh6 Rd7 24. Rg3 Ne7 25. Nxf7 Rg8 26. Rxg8 Qxg8 27. Nxd6+ 1-0

[Event "Charlesbourg Capablanca op"]
[Site "Charlesbourg CAN"]
[Date "2005.01.10"]
[Round "1"]
[White "Crepault, Francois"]
[Black "Dion, Serge"]
[Result "1-0"]
[WhiteElo "1540"]
[BlackElo "1084"]
[PlyCount "47"]
[GameId "2160767911031684"]
[EventDate "2005.01.10"]
[EventType "swiss"]
[EventRounds "5"]
[EventCountry "CAN"]

1. Nf3 d5 2. c4 e6 3. g3 Be7 4. Bg2 Nf6 5. O-O c5 6. d4 O-O 7. Bf4 Bd6 8. Bxd6 Qxd6 9. Nbd2 Nbd7 10. Rc1 b6 11. Nb3 Rb8 12. cxd5 exd5 13. dxc5 Nxc5 14. Nxc5 bxc5 15. e4 Qa6 16. exd5 Rxb2 17. Rxc5 Rd8 18. d6 Qxa2 19. d7 Ba6 20. Qc1 g6 21. Rc8 Rb8 22. Rxb8 Rxb8 23. Qc7 Bxf1 24. Qxb8+ 1-0

[Event "Charlesbourg Capablanca op"]
[Site "Charlesbourg CAN"]
[Date "2005.01.10"]
[Round "1"]
[White "Gagnon, Alain"]
[Black "Beaudoin, Stephane"]
[Result "0-1"]
[WhiteElo "1541"]
[BlackElo "2041"]
[PlyCount "76"]
[GameId "2160767911031685"]
[EventDate "2005.01.10"]
[EventType "swiss"]
[EventRounds "5"]
[EventCountry "CAN"]

1. d4 Nf6 2. c4 c5 3. d5 e6 4. Nc3 exd5 5. cxd5 d6 6. e4 g6 7. f4 Bg7 8. Nf3 O-O 9. Bd3 Re8 10. O-O c4 11. Bc2 b5 12. a3 Na6 13. Be3 Bd7 14. Bd4 b4 15. axb4 Nxb4 16. Re1 Qc7 17. h3 a5 18. Re2 Rab8 19. Qd2 Na6 20. Ba4 Bxa4 21. Rxa4 Nb4 22. Ne1 Nd7 23. Bxg7 Kxg7 24. Qd4+ Kg8 25. Nf3 Nc5 26. e5 Nxa4 27. exd6 Qxd6 28. Rxe8+ Rxe8 29. Nxa4 Nd3 30. Qxc4 Nxf4 31. Nc3 Nxh3+ 32. Kf1 Qg3 33. Qd4 Ng5 34. Qf2 Qxf2+ 35. Kxf2 Nxf3 36. Kxf3 Rb8 37. d6 Rxb2 38. Nd5 f5 0-1

[Event "Charlesbourg Capablanca op"]
[Site "Charlesbourg CAN"]
[Date "2005.01.10"]
[Round "1"]
[White "Gago, Nelson"]
[Black "Dion-Laliberte, Eveline"]
[Result "1-0"]
[WhiteElo "1834"]
[BlackElo "1341"]
[PlyCount "71"]
[GameId "2160767911031686"]
[EventDate "2005.01.10"]
[EventType "swiss"]
[EventRounds "5"]
[EventCountry "CAN"]

1. e4 c5 2. Nf3 d6 3. Nc3 Nf6 4. Bc4 e6 5. O-O Be7 6. d3 Nc6 7. a3 Bd7 8. Bf4 O-O 9. h3 e5 10. Be3 Nd4 11. Ng5 b5 12. Ba2 b4 13. Nb1 Rc8 14. c3 bxc3 15. Nxc3 Nd5 16. Nxd5 Bxg5 17. Qh5 Bxe3 18. fxe3 Ne6 19. Rf2 Bb5 20. Qe2 Ng5 21. Nc3 Bd7 22. Raf1 Bxh3 23. gxh3 Nxh3+ 24. Kg2 Nxf2 25. Rxf2 Qg5+ 26. Kh1 Qh4+ 27. Rh2 Qg5 28. Nd5 Rce8 29. Bc4 Rb8 30. b3 g6 31. Qf3 Kg7 32. Nf6 Qxf6 33. Rxh7+ Kxh7 34. Qxf6 Rbd8 35. Bxf7 Rd7 36. Qxg6+ 1-0

[Event "Charlesbourg Capablanca op"]
[Site "Charlesbourg CAN"]
[Date "2005.01.10"]
[Round "1"]
[White "Lapierre, Gaetan"]
[Black "Esculier, Stephane"]
[Result "1-0"]
[WhiteElo "1918"]
[BlackElo "1449"]
[PlyCount "55"]
[GameId "2160767911031687"]
[EventDate "2005.01.10"]
[EventType "swiss"]
[EventRounds "5"]
[EventCountry "CAN"]

1. Nf3 d5 2. d4 g6 3. g3 Bg7 4. Bg2 Bf5 5. O-O Nf6 6. c4 c6 7. cxd5 cxd5 8. Qb3 b6 9. Nc3 O-O 10. Ne5 Na6 11. Bf4 Nc7 12. Qa3 Bd7 13. Rac1 e6 14. Nxd7 Qxd7 15. Bxc7 Qxc7 16. Nxd5 Qd7 17. Nxf6+ Bxf6 18. Bxa8 Rxa8 19. e3 h5 20. Qc3 Qb5 21. Qc6 Qxc6 22. Rxc6 Kg7 23. Rfc1 Rd8 24. Rc8 Rd5 25. R1c7 Ra5 26. a3 e5 27. Rd7 Rb5 28. Rcc7 1-0

[Event "Charlesbourg Capablanca op"]
[Site "Charlesbourg CAN"]
[Date "2005.01.10"]
[Round "1"]
[White "Marois, Remi"]
[Black "Robitaille, Denis"]
[Result "1/2-1/2"]
[WhiteElo "1639"]
[BlackElo "1179"]
[PlyCount "99"]
[GameId "2160767911031688"]
[EventDate "2005.01.10"]
[EventType "swiss"]
[EventRounds "5"]
[EventCountry "CAN"]
[SourceTitle "EXT 2006"]
[Source "ChessBase"]
[SourceDate "2005.11.24"]
[SourceVersion "1"]
[SourceVersionDate "2005.11.24"]
[SourceQuality "1"]

1. e4 Nf6 2. e5 Nd5 3. d4 d6 4. c4 Nb6 5. exd6 cxd6 6. Nc3 g6 7. Nf3 Bg7 8. Be2 O-O 9. O-O Bg4 10. b3 Nc6 11. Be3 e5 12. dxe5 dxe5 13. Qxd8 Rfxd8 14. Bxb6 axb6 15. Rfd1 e4 16. Nxe4 Bxa1 17. Rxa1 Kg7 18. Nc3 Ne7 19. h3 Bf5 20. g4 Bd3 21. Kf1 Bxe2+ 22. Kxe2 Nc6 23. Nd5 b5 24. Nc7 Rac8 25. Nxb5 Re8+ 26. Kf1 Rcd8 27. Re1 Rxe1+ 28. Kxe1 Nb4 29. a3 Nd3+ 30. Kf1 Nf4 31. Nfd4 Nxh3 32. c5 Nf4 33. f3 Nd3 34. c6 bxc6 35. Nxc6 Rd5 36. a4 Nc5 37. Nbd4 Rd6 38. a5 Na6 39. Ke2 Kf8 40. Ke3 Ke8 41. b4 Nc7 42. b5 Nxb5 43. a6 Nc7 44. a7 Na8 45. Ke4 f6 46. Nb4 Kd7 47. Nd5 Ra6 48. Ne2 Rxa7 49. Nxf6+ Ke6 50. g5 1/2-1/2

[Event "Charlesbourg Capablanca op"]
[Site "Charlesbourg CAN"]
[Date "2005.01.10"]
[Round "1"]
[White "Turcot, Jean"]
[Black "Laflamme, Simon"]
[Result "1-0"]
[WhiteElo "1479"]
[BlackElo "1925"]
[PlyCount "102"]
[GameId "2160767911031689"]
[EventDate "2005.01.10"]
[EventType "swiss"]
[EventRounds "5"]
[EventCountry "CAN"]

1. b4 c6 2. Bb2 a5 3. a3 Qb6 4. c4 axb4 5. c5 Qc7 6. axb4 Rxa1 7. Bxa1 e5 8. e3 Nf6 9. Nf3 d6 10. d4 e4 11. Nfd2 d5 12. Be2 Be7 13. Bc3 O-O 14. Na3 Nfd7 15. Qb3 f5 16. g3 Nf6 17. h3 Nbd7 18. Nf1 Rf7 19. Bd2 Nf8 20. Nh2 Bd7 21. b5 Ne6 22. bxc6 bxc6 23. Qd1 Rf8 24. Nb1 Rb8 25. Nc3 Qa7 26. O-O Rb2 27. Qc1 Qb8 28. Rd1 Be8 29. Kg2 Bd8 30. Qa1 Bh5 31. Bxh5 Nxh5 32. Rb1 Rxb1 33. Nxb1 Bc7 34. Nf1 g5 35. Nc3 f4 36. Qa2 Nf6 37. g4 Qf8 38. Nh2 f3+ 39. Kg1 Qh6 40. Nxe4 Bxh2+ 41. Kxh2 Nxg4+ 42. Kg3 Qh4+ 43. Kxf3 dxe4+ 44. Ke2 Qxf2+ 45. Kd1 Nxe3+ 46. Kc1 Qf1+ 47. Kb2 Qb5+ 48. Ka1 Nc4 49. Qa8+ Kf7 50. Qa7+ Kg6 51. Bc3 Qb3 1-0

[Event "Charlesbourg Capablanca op"]
[Site "Charlesbourg CAN"]
[Date "2005.01.17"]
[Round "2"]
[White "Beaudoin, Stephane"]
[Black "Bourassa, Samuel"]
[Result "1-0"]
[WhiteElo "2041"]
[BlackElo "1709"]
[PlyCount "61"]
[GameId "2160767911031690"]
[EventDate "2005.01.10"]
[EventType "swiss"]
[EventRounds "5"]
[EventCountry "CAN"]

1. e4 g6 2. d4 Bg7 3. Nc3 d6 4. Nf3 Nf6 5. h3 c6 6. a4 Nbd7 7. Be3 Qc7 8. Be2 e5 9. O-O O-O 10. Qd2 a6 11. Rfd1 Re8 12. dxe5 dxe5 13. a5 Bf8 14. Ng5 Bc5 15. Bc4 Re7 16. Bxc5 Nxc5 17. Qd8+ Kg7 18. b4 Qxd8 19. Rxd8 Ncd7 20. Rd1 h6 21. Nf3 Re8 22. Rxe8 Nxe8 23. Na4 Kf6 24. Nd2 Nc7 25. Nb3 Ne6 26. Bxe6 Kxe6 27. Nbc5+ Nxc5 28. bxc5 Ke7 29. Nb6 Rb8 30. Nc4 Bd7 31. Nxe5 1-0

[Event "Charlesbourg Capablanca op"]
[Site "Charlesbourg CAN"]
[Date "2005.01.17"]
[Round "2"]
[White "Bluteau, Yvon"]
[Black "Lessard, Claude"]
[Result "0-1"]
[WhiteElo "1684"]
[BlackElo "1938"]
[PlyCount "51"]
[GameId "2160767911031691"]
[EventDate "2005.01.10"]
[EventType "swiss"]
[EventRounds "5"]
[EventCountry "CAN"]

1. d4 Nf6 2. Nf3 g6 3. g3 Bg7 4. Bg2 O-O 5. O-O d6 6. b3 c6 7. Bb2 Bg4 8. Nbd2 Qd7 9. e4 Bh3 10. Qe2 Bxg2 11. Kxg2 Na6 12. c4 Nh5 13. e5 d5 14. Ne1 f5 15. f4 dxc4 16. bxc4 e6 17. Rf3 Rfd8 18. Nc2 Bf8 19. Rd3 Nc5 20. Rf3 Na4 21. Ba3 c5 22. Nb3 Qc6 23. Kh3 Rac8 24. dxc5 Bxc5 25. Nxc5 Nxc5 26. Nd4 0-1

[Event "Charlesbourg Capablanca op"]
[Site "Charlesbourg CAN"]
[Date "2005.01.17"]
[Round "2"]
[White "Bouchard, Real"]
[Black "Turcot, Jean"]
[Result "0-1"]
[WhiteElo "1076"]
[BlackElo "1479"]
[PlyCount "46"]
[GameId "2160767911031692"]
[EventDate "2005.01.10"]
[EventType "swiss"]
[EventRounds "5"]
[EventCountry "CAN"]

1. d4 Nf6 2. e3 d5 3. Bd3 Nc6 4. c3 e5 5. Ne2 Bd6 6. O-O Bd7 7. Ng3 e4 8. Bc2 Ne7 9. f3 Nf5 10. Nxf5 Bxf5 11. f4 h5 12. Bd2 h4 13. h3 Qd7 14. Be1 Bxh3 15. Kh2 Bg4 16. Qd2 h3 17. g3 Bf3 18. Rxf3 Ng4+ 19. Kh1 exf3 20. Bd1 Qe6 21. Bf2 Nf6 22. Bxf3 Ne4 23. Bxe4 Qxe4+ 0-1

[Event "Charlesbourg Capablanca op"]
[Site "Charlesbourg CAN"]
[Date "2005.01.17"]
[Round "2"]
[White "Chouinard, Marc"]
[Black "Bonneau, Daniel"]
[Result "0-1"]
[WhiteElo "1601"]
[BlackElo "1920"]
[PlyCount "60"]
[GameId "2160767911031693"]
[EventDate "2005.01.10"]
[EventType "swiss"]
[EventRounds "5"]
[EventCountry "CAN"]

1. e4 d6 2. d4 Nf6 3. Nc3 g6 4. Nf3 Bg7 5. Bc4 O-O 6. O-O Nxe4 7. Nxe4 d5 8. Bd3 dxe4 9. Bxe4 Nd7 10. c3 Nf6 11. Bc2 Qd6 12. Ne5 c5 13. Bf4 Nh5 14. Nxg6 Nxf4 15. Nxf8 Bxf8 16. dxc5 Qxc5 17. Qf3 Qg5 18. Rfe1 e5 19. Re3 Bc5 20. Qg3 Qxg3 21. Rxg3+ Kh8 22. Kf1 Be6 23. Rd1 h5 24. h3 h4 25. Rf3 Bc4+ 26. Ke1 Nxg2+ 27. Kd2 Rd8+ 28. Kc1 Rxd1+ 29. Kxd1 Nf4 30. Kd2 Bd5 0-1

[Event "Charlesbourg Capablanca op"]
[Site "Charlesbourg CAN"]
[Date "2005.01.17"]
[Round "2"]
[White "Filion, Rene"]
[Black "Gago, Nelson"]
[Result "0-1"]
[WhiteElo "1527"]
[BlackElo "1834"]
[PlyCount "72"]
[GameId "2160767911031694"]
[EventDate "2005.01.10"]
[EventType "swiss"]
[EventRounds "5"]
[EventCountry "CAN"]

1. e4 c6 2. d4 d5 3. exd5 cxd5 4. Bd3 Nc6 5. c3 Qc7 6. Bg5 Nf6 7. Nd2 Bg4 8. Ne2 e5 9. h3 Be6 10. dxe5 Nxe5 11. Bb5+ Nfd7 12. Nd4 Bc5 13. Nxe6 fxe6 14. O-O O-O 15. Nb3 Bb6 16. Nd4 Rae8 17. Bh4 a6 18. Ba4 Ng6 19. Bg3 e5 20. Qg4 Nf6 21. Qd1 Re7 22. Nf5 Ref7 23. Nd4 Qe7 24. Nf3 Nh5 25. Bh2 Nhf4 26. Bb3 e4 27. Bxf4 Nxf4 28. Nd4 h5 29. Kh2 Qe5 30. g3 Bc7 31. c4 Ne6 32. Ne2 Rxf2+ 33. Rxf2 Rxf2+ 34. Kg1 Bb6 35. Kh1 e3 36. cxd5 Qe4+ 0-1

[Event "Charlesbourg Capablanca op"]
[Site "Charlesbourg CAN"]
[Date "2005.01.17"]
[Round "2"]
[White "Laflamme, Simon"]
[Black "Boissinot, Claude"]
[Result "1-0"]
[WhiteElo "1925"]
[BlackElo "1572"]
[PlyCount "73"]
[GameId "2160767911031695"]
[EventDate "2005.01.10"]
[EventType "swiss"]
[EventRounds "5"]
[EventCountry "CAN"]

1. d4 Nf6 2. Nc3 d5 3. e4 dxe4 4. f3 exf3 5. Nxf3 e6 6. Bg5 Be7 7. Bd3 Nbd7 8. O-O O-O 9. Qe1 h6 10. Qh4 Nd5 11. Nxd5 Bxg5 12. Nxg5 f5 13. Nf3 Qxh4 14. Nxh4 exd5 15. Nxf5 Kh8 16. Ne7 Rxf1+ 17. Rxf1 Nf6 18. Nxd5 Bd7 19. Nxf6 gxf6 20. Rxf6 Re8 21. Rxh6+ Kg8 22. Rh7 Rd8 23. Re7 Kf8 24. Re3 c6 25. h3 b5 26. g4 Bc8 27. c3 Rd6 28. Kg2 Be6 29. a3 Kg7 30. Kg3 Bd5 31. g5 a5 32. h4 Bf7 33. Kg4 Be6+ 34. Bf5 Bf7 35. h5 Rd5 36. h6+ Kh8 37. g6 1-0

[Event "Charlesbourg Capablanca op"]
[Site "Charlesbourg CAN"]
[Date "2005.01.17"]
[Round "2"]
[White "Lapointe, Daniel"]
[Black "Lapierre, Gaetan"]
[Result "0-1"]
[WhiteElo "1526"]
[BlackElo "1918"]
[PlyCount "62"]
[GameId "2160767911031697"]
[EventDate "2005.01.10"]
[EventType "swiss"]
[EventRounds "5"]
[EventCountry "CAN"]

1. d4 Nf6 2. c4 g6 3. Nc3 Bg7 4. Nf3 O-O 5. e4 d6 6. Bf4 Nh5 7. Bg5 h6 8. Be3 e5 9. Be2 Nf4 10. O-O Nxe2+ 11. Nxe2 Nd7 12. Nd2 Nf6 13. f3 Qe7 14. Qe1 Nh5 15. f4 Nxf4 16. Nxf4 exf4 17. Rxf4 g5 18. Rf1 f5 19. exf5 Bxf5 20. Qg3 Rae8 21. Rae1 Qd7 22. Nb3 Bd3 23. Rxf8+ Rxf8 24. Bf2 Bxc4 25. h3 Qf7 26. h4 g4 27. Be3 h5 28. Nd2 Bd5 29. b3 Qg6 30. Bg5 Bxd4+ 31. Kh1 Bf2 0-1